000 00355nam a22001457a 4500
005 20260408161021.0
008 160627b xxu||||| |||| 00| 0 eng d
020 _a0-00-649919-8
041 _aeng
082 _a823.914
100 _aO'Brian, Patrick
_92895
245 _aThe Fortune of War
650 _aModern English-language fictio
_98965
942 _cBK
999 _c4192
_d4191